Nội khoa cơ sở : Dựa trên cuốn sổ 200 triệu chứng của Y3

Nội dung sách giới thiệu những kiến thức cơ bản giúp sinh viên có thể khu trú được các bệnh lý liên quan qua đó đề đạt và phân tích được các xét nghiệm...

Bewaard in:
Bibliografische gegevens
Formaat: Boek
Taal:Undetermined
Gepubliceerd in: 2010
Onderwerpen:
Tags: Voeg label toe
Geen labels, Wees de eerste die dit record labelt!
Thư viện lưu trữ: Trung tâm Học liệu Trường Đại học Cần Thơ
LEADER 00765nam a2200169Ia 4500
001 CTU_240364
008 210402s9999 xx 000 0 und d
082 |a 616.07 
082 |b N452 
245 0 |a Nội khoa cơ sở : 
245 0 |b Dựa trên cuốn sổ 200 triệu chứng của Y3 
245 0 |c Nhóm sinh viên Y4, Y5, Y6 (Biên soạn) 
260 |c 2010 
520 |a Nội dung sách giới thiệu những kiến thức cơ bản giúp sinh viên có thể khu trú được các bệnh lý liên quan qua đó đề đạt và phân tích được các xét nghiệm... 
650 |a Bệnh lý học,Pathology 
910 |a Hải 
980 |a Trung tâm Học liệu Trường Đại học Cần Thơ